000 01052nam0a22002651 4500
001 rc\2792781
005 20260407013605.0
035 _a(NLR Aleph) 006918878
090 _a7425314
_c7425314
100 _a20110915d1935 |||y0rusy50 ca
101 0 _arus
102 _aRU
105 _ak b |||||
200 1 _aНефть, геология, добыча и переработка
_e[Каталог]
210 _aЛенинград
_cОНТИ. Ленкнигосбыт
_d1935
_gтип. "Смена"
215 _a18 с., из них 1 "Для заметок", [2] с. бланка заказа
_d20х13 см.
225 1 _aТехническая книга - почтой Ленкнигосбыта ОНТИ НКТП СССР
710 0 2 _aГОНТИ
_bСбытовое управление
_bЛенинградское обл. отделение
_9500505
_3RU\NLR\AUTH\8810001659
801 0 _aRU
_bNLR
_gpsbo
801 1 _aRU
_bELAR
_2rusmarc
852 _aNLR
_j35-9/46
852 _aNLR
_jС335-670/Н-58
942 _cBOOK
980 _aNB